Statistics for Philadelphia Eagles: Pro Bowl Selections

Click here to take the quiz!

General Stats

  • This quiz has been taken 817 times
    (176 since last reset)
  • The average score is 29 of 128

Answer Stats

PositionAmount of SelectionsPlayer% Correct
QB2Jalen Hurts
95%
C7Jason Kelce
87%
WR2A.J. Brown
85%
QB6Donovan McNabb
83%
T3Bob Brown
78%
DT2Jerome Brown
78%
RB3Timmy Brown
78%
T1J.D. Smith
77%
T5Lane Johnson
76%
QB1Carson Wentz
75%
QB1Michael Vick
73%
DT3Charlie Johnson
72%
QB1Nick Foles
71%
QB3Randall Cunningham
69%
WR3DeSean Jackson
66%
DT6Fletcher Cox
64%
WR2Harold Jackson
64%
TE3Keith Jackson
64%
DE7Reggie White
63%
CB3Darius Slay
58%
RB3LeSean McCoy
58%
TE3Zach Ertz
58%
DE1Brandon Graham
55%
RB1Miles Sanders
48%
CB7Brian Dawkins
47%
QB1Ron Jaworski
47%
WR4Harold Carmichael
46%
RB2Brian Westbrook
44%
RB1D'Andre Swift
43%
LB2Haason Reddick
42%
WR1Terrell Owens
42%
DT3Floyd Peters
37%
T7Jason Peters
37%
G2Landon Dickerson
36%
K5David Akers
34%
CB3Asante Samuel
28%
LB8Chuck Bednarik
26%
CB5Eric Allen
25%
LB4Jeremiah Trotter
25%
QB3Norm Van Brocklin
25%
G3Brandon Brooks
23%
DE2Trent Cole
23%
CB3Malcolm Jenkins
21%
DE2Joe Carter
19%
WR5Mike Quick
19%
T3Tra Thomas
19%
RB2Wilbert Montgomery
19%
LB2William Thomas
19%
RB3Darren Sproles
18%
WR1Fred Barnett
17%
CB2Lito Sheppard
17%
RB2Ricky Watters
15%
LB2Seth Joyner
15%
DE 1John Green
14%
T1Jon Runyan
14%
LS1Rick Lovato
14%
QB1Sonny Jurgensen
14%
CB5Troy Vincent
14%
DE1Connor Barwin
13%
QB1Roman Gabriel
13%
WR5Tommy McDonald
13%
CB1Bobby Taylor
12%
DE2Clyde Simmons
12%
LB4Bill Bergey
11%
WR2Irving Fryar
11%
QB1Norm Snead
11%
DE3Hugh Douglas
10%
CB1Michael Lewis
10%
TE3Chad Lewis
9%
TE3Charle Young
8%
K1Cody Parkey
8%
LB1Jason Babin
8%
LB1Jerry Robinson
8%
CB1Roynell Young
8%
LB2Wayne Robinson
8%
G2Evan Mathis
7%
C2Jon Dorenbos
7%
QB1Tommy Thompson
7%
DE5Pete Retzlaff
6%
CB1Wes Hopkins
6%
G2Shawn Andrews
5%
CB1Quintin Mikell
4%
DE | FB1Ted Dean
4%
CB3Bill Bradley
3%
QB3Bobby Thomason
3%
DT1Corey Simon
3%
DE1Dennis Harrison
3%
LB1Frank LeMaster
3%
LB1Ike Reese
3%
DT1Jess Richardson
3%
RB1Leonard Weaver
3%
LB5Maxie Baughan
3%
DE6Pete Pihos
3%
K2Sam Baker
3%
DE2Tom Scott
3%
QB2Adrian Burk
2%
T1Al Wistert
2%
DE2Bobby Watson
2%
LB1Dave Lloyd
2%
G1Jermane Mayberry
2%
DE2Marion Campbell
2%
T2Stan Walters
2%
CB2Tom Brookshier
2%
DE3William Fuller
2%
G1Buck Lansford
1%
G3Bucko Kilroy
1%
QB1Davey O'Brien
1%
DE1Dick Humbert
1%
DE1Don Looney
1%
CB2Irv Cross
1%
CB2Jerry Norton
1%
T2Jerry Sisemore
1%
C1Ken Farragut
1%
TE1Mike Bartrum
1%
QB1Mike Boryla
1%
DT1Mike Jarmoluk
1%
WR1Wally Henry
1%
G1Walt Barnes
1%
G1Dick Bassi
0%
G1Enio Contl
0%
C3Jim Ringo
0%
DT2Jim Weatherall
0%
T2Lum Snyder
0%
DE2Norm Willey
0%
CB2Russ Craft
0%
LB1Tim Rossovich
0%
RB1Tom Woodeshick
0%

Score Distribution

Percentile by Number Answered

Percent of People with Each Score

Your Score History

You have not taken this quiz since the last reset